Sahitya alochana (Record no. 8880)

MARC details
000 -LEADER
fixed length control field 00472cam a2200193ua 4500
008 - FIXED-LENGTH DATA ELEMENTS--GENERAL INFORMATION
fixed length control field 161005n ii |||gr||||Z||||||asm
020 ## - INTERNATIONAL STANDARD BOOK NUMBER
International Standard Book Number 8176430099
040 ## - CATALOGING SOURCE
Transcribing agency MAIN
041 ## - LANGUAGE CODE
-- asm
082 ## - DEWEY DECIMAL CLASSIFICATION NUMBER
Classification number 891.4514
100 ## - MAIN ENTRY--PERSONAL NAME
Personal name Goswami, Trailukya Nath,
Relator term
245 ## - TITLE STATEMENT
Title Sahitya alochana
Statement of responsibility, etc. By Trailukya Nath Goswami
250 ## - EDITION STATEMENT
Edition statement 9th ed.
260 ## - PUBLICATION, DISTRIBUTION, ETC.
Place of publication, distribution, etc. Guwahati:
Name of publisher, distributor, etc. Bani prakash,
Date of publication, distribution, etc. 2014.
300 ## - PHYSICAL DESCRIPTION
Extent 244p.
942 ## - ADDED ENTRY ELEMENTS (KOHA)
Koha item type Books
653 ## - INDEX TERM--UNCONTROLLED
Uncontrolled term Literary criticism
Holdings
Withdrawn status Lost status Damaged status Not for loan Home library Current library Shelving location Date acquired Total Checkouts Full call number Barcode Date last seen Date last checked out Copy number Price effective from Koha item type
        Naharkatiya College Central Library Naharkatiya College Central Library General Stacks 19/09/2020 2 891.4514Assamese literature | GOS 23462 21/06/2023 21/06/2023 3 19/09/2020 Books
        Naharkatiya College Central Library Naharkatiya College Central Library General Stacks 19/09/2020 5 891.4514Assamese literature | GOS 23463 05/08/2023 02/08/2023 2 19/09/2020 Books
        Naharkatiya College Central Library Naharkatiya College Central Library General Stacks 19/09/2020 4 891.4514Assamese literature | GOS 23464 02/08/2023 06/07/2023 1 19/09/2020 Books

Naharkatiya College © 2020. All rights reserved.

Powered By